01342nam a22002175i 450000100060000000300090000600500170001500700030003200800410003504000200007624500910009626000580018730000410024550000300028650506200031665000430093670000370097970000370101671000460105385200250109948547ES-MaACL20250718184615.0t|950724m18821883sp ||||1| spa d aCAM bspa cCAM00aDerrotero general del Mediterráneo / credactado en la Dirección de Hidrografía. aMadrid : bDirección de Hidrografía, c1882-1883. a3 v. : bil., lám. pleg ; c23 cm. aTomo 3 con fecha de 1882.8 aContiene: T. 1. Comprende el Estrecho de Gibraltar, la costa de España, las Islas Baleares y la costa de África desde Ceuta hasta la frontera de Túnez -- T. 2. Comprende las costas de Francia, las de Italia desde el Cabo Martín hasta el de Otranto en el Adriático, las de las islas de Córcega, Cerdeña, Sicilia, Archipiélago Toscano, de Malta y las de la Regencia de Túnez -- T. 3. Comprende desde el Cabo Lenguetta en la costa O. de Albania al de Malea en Grecia, las Islas Jónicas, Cerigo, Candía, Casso, Scarpanto, Sarria, Rodas y Chipre y las costas de Caramania, Siria, Egipto y Trípoli 4aDerroteros-zMediterráneo (Región)1 aMurga y Mugártegui, Gonzalo de1 aCarrasco y Guisasola, Francisco.1 aEspaña. bDirección de Hidrografía. aES-MaACLjG-11313-15